000 00390nam a2200133Ia 4500
008 210430s9999 xx 000 0 und d
020 _a978-81-7329-993-6
082 _a333.79 R393 R
100 _aV.K.Vijay
_954297
245 _aRenewable Energy and Environment for Sustainable Development
_cV.K.Vijay
260 _aIndia
_bNarosa Publishing
_c2009
300 _a1219p
942 _cBK
_2ddc
999 _c564795
_d564795